Statystyki dla Fifa 21 zgadnij jaki to piłkarz dla mexa cz.2

Kliknij tutaj aby rozwiązać quiz!

Ogólne statystyki

  • Ten quiz został rozwiązany 261 razy
  • Średni wynik to 10 z 13

Statystyki odpowiedzi

podpowiedzipiłkarz% Poprawnych
Argentyna PS 99 Summer Stars BarcelonaMessi
96%
Senegal N 92 Frezee/Futmas LiverpoolMane
91%
Niemcy BR 96 TOTY BayernNeuer
89%
Argentyna ŚN 97 Futties Piemonte CalcioDybala
87%
Holandia ŚN 98 Futties BarcelonaDepay
86%
Urugwaj ŚP 92 TOTS Real MadrytValverde
84%
Brazylia N 85 MOTM Manchester CityJesus
82%
Anglia LO 89 TOTS Manchester UnitedShaw
81%
Holandia ŚP 90 Ikona MidGullit
80%
Szwecja PS 88 Future Star Piemonte CalcioKulusevski
73%
Brazylia LS 92 Ikona PrimeRivaldo
70%
Holandia N 88 Ikona MidKluivert
36%
Francja PP 94 Futties QD FCAlessandrini
29%

Rozkład punktacji

Percentyl według liczby udzielonych odpowiedzi

Procent ludzi z każdym wynikiem

Twoja historia wyników

Nie rozwiązałeś tego quizu